000 00436nam a2200145Ia 4500
008 231129s2010||||xx |||||||||||||| ||spa||
020 _a978-958-8454-22-1
040 _bspa
082 _a980.02 G633h
100 _aGómez Garcí­a Juan Guillermo
245 0 _aHacia la independencia latinoamericana : de Bolí­var a González Prada
260 _c2010
264 _aDesde Abajo
942 _2ddc
_cBKS
999 _c14870
_d14870